00848cam a22002057a 4500003000500000005001700005008004100022010001000063011001000073035001000083040000900093100002300102245011700125260009100242300001000333490010600343650004100449650004600490830010600536CHAP20220329133918.0971013s1974 r 00010 d a12609 a13581 a17653 cCHAP00aGivogri, Carlos A.13aLa exportación de productos no tradicionales y la independencia de la economía argentina; informe preliminar a(s.l.) :bUniversidad Nacional de Córdoba. Instituto de Economía y Finanzas,c1974 a38 p. 0aUniversidad Nacional de Córdoba. Instituto de Economía y Finanzas. Serie de Investigacionesv; 1914aArgentinaxCondiciones económicas.14aExportación e importaciónxArgentina.0 aUniversidad Nacional de Córdoba. Instituto de Economía y Finanzas. Serie de Investigacionesv; 19